000 00440nam a22001217a 4500
999 _c10213
_d10213
003 OSt
008 201218b ||||| |||| 00| 0 eng d
245 _aIEEMA Journal
250 _a2015(Jul Vol.6 No.11, Aug Vol.6 No.12, Sep Vol.7 No.1, Oct Vol.7 No.2, Nov Vol.7 No.3, Jan Vol.7 No.5)
260 _aMumbai
_bIndian Electrical and Electronics Manufacturers Association
650 _aElectronics and Communication Engineering
942 _2ddc
_cBV